000
00328nam a2200121Ia 4500
008
220216s9999 xx 000 0 und d
245
0
_a
Indian rubber industry is poised for spectacular growth
260
_b
Rubber Asia 20th Anniversary Issue
300
_a
161-165
650
_a
India
650
_a
Rubber industry
942
_c
JS
999
_c
61090
_d
61090